| 000 | 00880nam a22002537i 4500 | ||
|---|---|---|---|
| 003 | DO-SdBNP | ||
| 005 | 20240408085451.0 | ||
| 007 | ta | ||
| 008 | 210913b 2021 dr a 00| 0 eng d | ||
| 020 | _a9789945098587 | ||
| 040 |
_aDO-SdBNP _bspa _cBNPHU _erda |
||
| 245 | 0 | 0 |
_a¡Jimmy Sierra, inolvidable! / _ccorrección, Reynaldo Disla. |
| 264 | 1 |
_aSanto Domingo : _bSoto Castillo Impresores, _c2021. |
|
| 300 |
_a158 páginas : _bilustraciones ; _c24 cm. |
||
| 336 |
_2rdacontent _atexto _btxt |
||
| 337 |
_2rdamedia _asin mediación _bn |
||
| 338 |
_2rdacarrier _avolumen _bnc |
||
| 500 | _aArtículos, reflexiones, poemas y otros textos motivados por el fallecimiento del doctor Julio Samuel Sierra. | ||
| 500 | _aLa tertulia del teórico | ||
| 590 | _aInventariado, 2021/BT | ||
| 700 | 1 |
_aDisla, Reynaldo, _ecorrección _983757 |
|
| 910 | _aBtavárez | ||
| 942 |
_2ddc _cLBS1 |
||
| 999 |
_c50488 _d50488 |
||